The Penguin Dictionary of Troublesome Words

Saved in:
Bibliographic Details
Main Author Bryson, Bill (Author)
Format Book
LanguageEnglish
Published Harmondsworth : Penguin Books, 1987
Edition2nd ed.
Subjects
ISBN0140512004
Physical Description192 s.

Cover

LEADER 00000cam a22000007a 4500
001 11578
003 CZ-ZlUTB
005 20190825232752.0
008 011001s1987 xxk|||||r|||||||||||eng|d
020 |a 0140512004 
040 |a ZLD002  |b cze  |c ZLD002  |d ZLD002 
080 |a 802.0  |2 v 
100 1 |a Bryson, Bill  |4 aut 
245 1 4 |a The Penguin Dictionary of Troublesome Words 
250 |a 2nd ed. 
260 |a Harmondsworth :  |b Penguin Books,  |c 1987 
300 |a 192 s. 
650 0 4 |a Angličtina 
650 0 4 |a problémový 
650 0 4 |a slova 
650 0 4 |a SLOVNÍKY 
655 4 |a slovníky jazykové 
910 |a ZLD002 
952 |0 0  |1 0  |4 0  |6 8020BRYSONB  |7 0  |8 BOOK  |9 20113  |a UTBZL  |b UTBZL  |c 030  |d 2006-07-29  |i 73504  |l 0  |o 802.0/BRYSON,B.  |p 420010073504  |r 2019-08-25 00:00:00  |v 259.00  |w 2019-08-25  |x 20100831  |y 05 
992 |a BK  |b SK 
999 |c 11578  |d 11578